| 000 | 00699nam a22001937a 4500 | ||
|---|---|---|---|
| 005 | 20230913104111.0 | ||
| 010 | _aUR-9486 | ||
| 020 |
_a8188912743 _c350.00 |
||
| 035 | _aU-8041 | ||
| 037 | _bDBAD/PUB | ||
| 082 | _a840.8 | ||
| 100 |
_aکہکشاں عرفان _956502 |
||
| 245 |
_aعلی سردار جعفری بھسیت نثر نگار / _cکہکشاں عرفان |
||
| 246 |
_aAli Sardar Jafri Bahasiyat Nasar Nigar / _bby Kahkashan Irfan |
||
| 260 |
_aدہلی _bبک کورپور یشن _c2016 |
||
| 270 |
_a٣١٩١،وکیل سٹریٹ،کچہ پنڈت ، لال کان _bدھلی _e110006 _k23216162 |
||
| 300 |
_a312 ص _c22cm(Hb) |
||
| 942 |
_2ddc _cUR _h840.8 _mک ہ ک |
||
| 999 |
_c103987 _d103987 |
||